El Gasto social en el Presupuesto General de la Nación

Kaydedildi:
Detaylı Bibliyografya
Materyal Türü: Metin
Konular:
Etiketler: Etiketle
Etiket eklenmemiş, İlk siz ekleyin!

MARC

LEADER 00000 a a2200000 04500
001 6003
003
040
245 |a El Gasto social en el Presupuesto General de la Nación  
650 |a PRESUPUESTO NACIONAL  
650 |a GASTOS SOCIALES  
650 |a POBREZA  
650 |a FINANCIAMIENTO  
650 |a ESTADO  
650 |a MODERNIZACION  
650 |a EQUIDAD SOCIAL  
773 |g volumen 16, número 680; páginas 6-8  
999 |c 26193  |d 26193